Detalles MARC
| 000 -LÍDER |
| Campo fijo de descripción fija |
02871nam a2200445 i 4500 |
| 001 - NÚMERO DE CONTROL |
| Campo de control |
768714001 |
| 003 - IDENTIFICADOR DEL NÚMERO DE CONTROL |
| Campo de control |
CO-MdFUSB |
| 005 - FECHA Y HORA DE LA ULTIMA TRANSACCIÓN |
| control field |
20230915094029.0 |
| 007 - CAMPO FIJO DE DESCRIPCIÓN FIJA--INFORMACIÓN GENERAL |
| Campo fijo de descripción fija |
ta |
| 007 - CAMPO FIJO DE DESCRIPCIÓN FIJA--INFORMACIÓN GENERAL |
| Campo fijo de descripción fija |
ca aa aaaaa |
| 008 - ELEMENTOS DE LONGITUD FIJA -- INFORMACIÓN GENERAL |
| Campo fijo de descripción fija -- Información general |
220121t2018 sp d|||| |||| 00| 0 spa d |
| 020 ## - NÚMERO INTERNACIONAL NORMALIZADO PARA LIBROS |
| Número Internacional Normalizado del libro |
9788417131036 |
| 040 ## - FUENTE DE CATALOGACIÓN |
| Agencia de catalogación original |
CO-MdFUSB |
| Idioma de catalogación |
spa |
| Agencia que realiza la transcripción |
CO-MdFUSB |
| Agencia que realiza la modificación |
CO-MdFUSBC |
| Convenciones de la descripción |
rda |
| 041 ## - CÓDIGO DE IDIOMA |
| Código de idioma para texto/pista de sonido o título separado |
spa |
| Código de idioma original |
eng |
| 082 ## - NÚMERO DE CLASIFICACIÓN DECIMAL DEWEY |
| Número de la edición del Dewey |
23 |
| Número de clasificación |
231.7652 |
| Clave de autor-Numero de item |
L568 |
| 100 ## - ASIENTO PRINCIPAL--NOMBRE PERSONAL |
| Nombre personal |
Lennox, John C., |
| Término relacionador |
autor |
| 240 ## - TITULO UNIFORME |
| Título uniforme |
<a href="Seven days that divide the world.">Seven days that divide the world.</a> |
| 245 13 - TÍTULO |
| Título del Material |
El principio según el Genesis y la ciencia : |
| Parte restante del título - Subtitulo |
siete días que dividieron el mundo |
| Mención de responsabilidad, etc. |
/ John C. Lennox |
| Medio físico |
[Físico y electrónico] |
| 264 #1 - PRODUCCIÓN, PUBLICACIÓN, DISTRIBUCIÓN, MANUFACTURA, Y COPYRIGHT |
| Lugar de producción, publicación, distribución, manufactura |
Barcelona, España : |
| Nombre del productor, publicador, distribuidor |
Clie, |
| Fecha de producción, publicación, distribución, manufactura, o copyright |
[2018] |
| 264 #4 - PRODUCCIÓN, PUBLICACIÓN, DISTRIBUCIÓN, MANUFACTURA, Y COPYRIGHT |
| Fecha de producción, publicación, distribución, manufactura, o copyright |
© 2018 |
| 300 ## - DESCRIPCIÓN FÍSICA |
| Extensión |
166 páginas |
| Dimensiones |
; 23 cm |
| 336 ## - TIPO DE CONTENIDO |
| Fuente |
rdacontent |
| Término de tipo de contenido |
texto |
| Código de tipo de contenido |
txt |
| 337 ## - TIPO DE MEDIO |
| Fuente |
rdamedia |
| Nombre del tipo de medio |
sin mediación |
| Código del tipo de medio |
n |
| 337 ## - TIPO DE MEDIO |
| Fuente |
rdamedia |
| Nombre del tipo de medio |
informático |
| Código del tipo de medio |
c |
| 338 ## - TIPO DE SOPORTE |
| Fuente |
rdacarrier |
| Nombre del tipo de soporte |
volumen |
| Código Tipo de soporte |
nc |
| 338 ## - TIPO DE SOPORTE |
| Fuente |
rdacarrier |
| Nombre del tipo de soporte |
remoto |
| Código Tipo de soporte |
cr |
| 505 ## - NOTA DE CONTENIDO |
| Nota de contenido con formato preestablecido |
Pero ¿se mueve? una lección de la historia. -- Pero ¿se mueve? una lección acerca de la Escritura. -- Pero ¿es antigua? los días de la creación. -- Los seres humanos: ¿una creación especial? -- El mensaje de Génesis 1. |
| 506 ## - NOTA DE RESTRICCIONES DE ACCESO |
| Condiciones de acceso |
Préstamo en biblioteca del libro físico |
| 506 ## - NOTA DE RESTRICCIONES DE ACCESO |
| Condiciones de acceso |
Solicitar clave y usuario para acceder al libro electrónico. |
| 520 ## - NOTA DE RESUMEN, ETC. |
| Nota de sumario, etc. |
"Una interpretación científicamente perspicaz, teológicamente sagaz y bíblicamente fiel a Génesis. Con ejemplos tomados de la historia misma, una breve pero completa exploración de las principales interpretaciones, y una mirada al significado particular de la creación de los seres humanos, Lennox sugiere que los cristianos pueden prestar atención al conocimiento científico moderno, mientras permanecen fieles a la narrativa bíblica. Va más allá de una sencilla respuesta a la controversia, e insiste en que Génesis nos enseña mucho más respecto al Dios de Jesucristo y sobre la intención de Dios en la creación que sobre la edad del planeta Tierra.<br/>Insistiendo en que Génesis nos enseña mucho más sobre el Dios de Jesucristo y sobre la intención de Dios para la creación que sobre la edad de la tierra. Con este libro, Lennox ofrece una introducción cuidadosa pero accesible a una interpretación del Génesis científicamente inteligente, teológicamente astuta y bíblicamente fiel". |
| 563 ## - NOTA DE ENCUADERNACIÓN |
| Nota de encuadernación |
Rústico |
| 630 #7 - TITULO UNIFORME |
| Título uniforme |
Biblia. |
| Nombre de parte o sección de la obra |
Génesis |
| Subdivisión de materia general |
Crítica, interpretación, etc. |
| 650 #7 - ASIENTO SECUNDARIO DE MATERIA - TERMINO TEMÁTICO |
| 9 (RLIN) |
259 |
| Término temático o nombre geográfico como elemento de entrada |
Religión y ciencia |
| 650 #7 - ASIENTO SECUNDARIO DE MATERIA - TERMINO TEMÁTICO |
| 9 (RLIN) |
251 |
| Término temático o nombre geográfico como elemento de entrada |
Creación |
| 856 ## - LOCALIZACIÓN Y ACCESO ELECTRÓNICOS |
| Numero de Acceso |
2155360 |
| Identificador Uniforme del Recurso |
<a href="http://search.ebscohost.com/login.aspx?direct=true&scope=site&db=nlebk&db=nlabk&AN=2155360">http://search.ebscohost.com/login.aspx?direct=true&scope=site&db=nlebk&db=nlabk&AN=2155360</a> |
| Nota dirigida al público |
<a href="Abrir Versión electrónica del libro El principio según el Genesis y la ciencia : siete días que dividieron el mundo">Abrir Versión electrónica del libro El principio según el Genesis y la ciencia : siete días que dividieron el mundo</a> |
| 942 ## - TIPO DE MATERIAL (KOHA) |
| Tipo de Item KOHA |
Libros General |
| 945 ## - INFORMACIÓN LOCAL DEL REGISTRO |
| Catalogador |
JTF-925 |